000 00666nam a2200253Ia 4500
003 OSt
005 20220925214755.0
006 a|||||r|||| 00| 0
007 ta
008 220923b |||||||| |||| 00| 0 eng d
020 _a0 04 382014 x
037 _cGeneral Book
040 _aRTL
_cRTL
_beng
041 _2eng
_aeng
082 _aX:53, L1
100 _aJohnson Harry G
245 0 _aAspects of theory of tariffs
260 _aLondon
_bGeorge Allen & Unwin
_c1971
300 _axii, 451p
_ccm.
500 _aAppendix P41-44
650 _aTariff
_9240384
942 _hX:53, L1
_cGB
_2CC
999 _c566590
_d566590